Statistics for WWF Royal Rumble 1991 Entrants Quiz

Click here to take the quiz!

General Stats

  • This quiz has been taken 59 times
  • The average score is 18 of 30

Answer Stats

EN Answer EL % Correct
24Hulk HoganW
95%
1Bret "The Hitman" Hart4
85%
18"Macho Man" Randy SavageDNA
80%
22Earthquake28
80%
12The Undertaker9
80%
30Tugboat21
70%
6"The Model" Rick Martel25
65%
3Greg "The Hammer" Valentine14
65%
16Hawk10
63%
23Mr. Perfect22
63%
19Animal11
63%
15Smash13
63%
9Jake "The Snake" Roberts6
63%
20Crush18
60%
14The British Bulldog26
60%
26Jim "The Anvil" Neidhart23
58%
21"Hacksaw" Jim Duggan12
58%
29The Warlord19
55%
11Tito Santana21
53%
2Dino Bravo1
50%
4Paul Roma3
50%
10Hercules17
50%
25Haku24
48%
28Brian Knobbs27
45%
13"Superfly" Jimmy Snuka8
45%
5The Texas Tornado8
45%
8Bushwhacker Butch5
43%
27Bushwhacker Luke16
43%
17Shane Douglas20
38%
7Saba Simba2
38%

Score Distribution

Percentile by Number Answered

Percent of People with Each Score

Your Score History

You have not taken this quiz